000 00550nam a2200193Ia 4500
005 20250326142010.0
008 250326s9999 xx 000 0 und d
020 _a81-7017-234-9
037 _aTextbook
040 _aFMSL
_beng
_cFMSL
041 _aeng
_2eng
084 _aT4.44 M8
_qFMSL
100 _aKaul J N
_992517
245 0 _aGoverce of Universities autonomy of the University community
_cKaul J N
260 _aNew Delhi
_bNew Delhi, Abhinav
_c1988
300 _a308p
942 _cTB
_hT4.44 M8
999 _c1292972
_d1292972